书目信息 |
| 题名: |
树木盆景造型养护与欣赏
|
|
| 作者: | 曾宪烨 , 马文其 编著 | |
| 分册: | ||
| 出版信息: | 北京 中国林业出版社 1999.06 |
|
| 页数: | 133页 | |
| 开本: | 24开 | |
| 丛书名: | ||
| 单 册: | ||
| 中图分类: | S688.1 | |
| 科图分类: | ||
| 主题词: | 观赏园艺 , 花卉 , 园林树木 | |
| 电子资源: | ||
| ISBN: | 7-5038-2108-6 | |
| 000 | 00669nam0 2200229 45 | |
| 001 | 0101051152 | |
| 005 | 20010105110540.2 | |
| 010 | @a7-5038-2108-6@d36.00元 | |
| 100 | @a20010105d1999 km y0chiy0120 ea | |
| 101 | 0 | @achi |
| 105 | @a z 000yy | |
| 200 | 1 | @a树木盆景造型养护与欣赏@AShu Mu Pen Jing Zao Xing Yang Hu Yu Xin Shang@f曾宪烨,马文其编著@FCeng Xian Ye,Ma Wen Qi Bian Zhu |
| 210 | @a北京@c中国林业出版社@d1999.06 | |
| 215 | @a133页@d24开 | |
| 606 | 0 | @a观赏园艺 |
| 606 | 0 | @a花卉 |
| 606 | 0 | @a园林树木 |
| 690 | @aS688.1@v3 | |
| 701 | 0 | @a曾宪烨@4编著 |
| 701 | 0 | @a马文其@4编著 |
| 801 | @aCN@bPftUser@c20010105 | |
| 905 | @b518734-738@dS688.1@eZ334@f5 | |
| 树木盆景造型养护与欣赏/曾宪烨,马文其编著.-北京:中国林业出版社,1999.06 |
| 133页;24开 |
| ISBN 7-5038-2108-6:36.00元 |
| ● |
| 相关链接 |
|
|
|
正题名:树木盆景造型养护与欣赏
索取号:S688.1/Z334
 
预约/预借
| 序号 | 登录号 | 条形码 | 馆藏地/架位号 | 状态 | 备注 |
| 1 | 518734 | 205187340 | 自科库401/401自科库 68排5列2层/ [索取号:S688.1/Z334] | 在馆 | |
| 2 | 518735 | 205187359 | 自科库401/401自科库 68排5列2层/ [索取号:S688.1/Z334] | 在馆 | |
| 3 | 518736 | 205187368 | 自科库401/401自科库 68排5列2层/ [索取号:S688.1/Z334] | 在馆 | |
| 4 | 518737 | 205187377 | 自科库401/401自科库 68排5列2层/ [索取号:S688.1/Z334] | 在馆 | |
| 5 | 518738 | 205187386 | 自科库401/401自科库 68排5列2层/ [索取号:S688.1/Z334] | 在馆 |